000 00568nam a2200205 a 4500
001 62474
003 BD-RjUL
005 20211209081105.0
008 920626s1964 a 000 0 eng d
035 _a(BD-RjUL) 62600
040 _aBD-RjUL
_bBD-RjUL
_deng
_cBD-RjUL
041 _aeng
082 _223
_a799.1
_bBRW 1964
100 1 _aBrooks, Joseph W.
_9185764
245 1 2 _aA world of fishing /
_cJoseph W. Brooks
260 _aPrinceton, N.J. :
_bVan Nostrand,
_cC1964
300 _axviii, 375 p. :
_bill. ;
_c24 cm.
650 0 _aFishing.
_9185765
942 _2ddc
_cBK
999 _c62474
_d62474